Normal view
MARC view
Entry Personal Name
001 - CONTROL NUMBER
- control field: 275
003 - CONTROL NUMBER IDENTIFIER
- control field: ARRUPE
005 - DATE AND TIME OF LATEST TRANSACTION
- control field: 20130917132622.0
008 - FIXED-LENGTH DATA ELEMENTS
- fixed length control field: 130917|| aca||aabn | a|a d
040 ## - CATALOGING SOURCE
- Original cataloging agency: ARRUPE
- Transcribing agency: ARRUPE
100 ## - HEADING--PERSONAL NAME
- Personal name: Hurley, Michael,
- Dates associated with a name: 1923-
- Relator term: ed.
670 ## - SOURCE DATA FOUND
- Source citation: Work cat.: (ARRUPE)0: Wesley, John, 1703-1791. 272, John Wesley's letter to a Roman Catholic;, 1968.